The Economics Of Development and Planning (Record no. 4150)
[ view plain ]
| 000 -LEADER | |
|---|---|
| fixed length control field | 00581nam a2200217Ia 4500 |
| 003 - CONTROL NUMBER IDENTIFIER | |
| control field | BUBTL |
| 008 - FIXED-LENGTH DATA ELEMENTS--GENERAL INFORMATION | |
| fixed length control field | 151213s9999 xx 000 0 und d |
| 020 ## - INTERNATIONAL STANDARD BOOK NUMBER | |
| International Standard Book Number | 81-87125-62-4 |
| 082 ## - DEWEY DECIMAL CLASSIFICATION NUMBER | |
| Classification number | 330/JHE |
| 100 ## - MAIN ENTRY--PERSONAL NAME | |
| Personal name | M.L Jhingan |
| 9 (RLIN) | 3033 |
| 245 ## - TITLE STATEMENT | |
| Title | The Economics Of Development and Planning |
| Statement of responsibility, etc. | M.L Jhingan |
| 250 ## - EDITION STATEMENT | |
| Edition statement | 34th |
| 260 ## - PUBLICATION, DISTRIBUTION, ETC. (IMPRINT) | |
| Place of publication, distribution, etc. | New Delhi |
| Name of publisher, distributor, etc. | Vrinda |
| Date of publication, distribution, etc. | 1967 |
| 300 ## - PHYSICAL DESCRIPTION | |
| Extent | 866p . : |
| Other physical details | ill . ; 22cm |
| 650 ## - SUBJECT ADDED ENTRY--TOPICAL TERM | |
| Topical term or geographic name as entry element | Economics |
| 9 (RLIN) | 3034 |
| 650 ## - SUBJECT ADDED ENTRY--TOPICAL TERM | |
| Topical term or geographic name as entry element | Economics |
| 9 (RLIN) | 3034 |
| 700 ## - ADDED ENTRY--PERSONAL NAME | |
| Personal name | M.L Jhingan |
| 9 (RLIN) | 3033 |
| 856 ## - ELECTRONIC LOCATION AND ACCESS | |
| Password | 0 |
| Logon | 0 |
| Link text | Download |
| 942 ## - ADDED ENTRY ELEMENTS (KOHA) | |
| Source of classification or shelving scheme | |
| Koha item type | Books |
| Withdrawn status | Lost status | Source of classification or shelving scheme | Damaged status | Not for loan | Collection code | Permanent location | Current location | Shelving location | Date acquired | Inventory number | Total Checkouts | Full call number | Barcode | Date last seen | Copy number | Price effective from | Koha item type |
|---|---|---|---|---|---|---|---|---|---|---|---|---|---|---|---|---|---|
| Non-fiction | Bangladesh University of Business and Technology Library | Bangladesh University of Business and Technology Library | Economics Stacks | 02/17/2020 | 8300 | 330/JHE | BUBTL-20038300 | 02/17/2020 | C-1 | 02/17/2020 | Books |
